skbl

Dr Suryya Kumar Bhuyan Library Web-OPAC
ডঃ সূৰ্য্য
কুমাৰ ভূঞা পুথিভঁৰাল ৱেব-অ'পেক

All Research Scholars are advised to clear the annual library fees to continue using Library Resources, Remote Access, Plagiarism Test and Library Clearance.

Cotton University Book Fair 2026

Modern Approach to Biology: Part II / (Record no. 38892)

MARC details
000 -LEADER
fixed length control field 00724nam a2200229Ia 4500
001 - CONTROL NUMBER
control field 38920
008 - FIXED-LENGTH DATA ELEMENTS--GENERAL INFORMATION
fixed length control field 190328s2006 ii g b000 u 465 u
020 ## - INTERNATIONAL STANDARD BOOK NUMBER
International Standard Book Number 81-272-2760-9
082 ## - DEWEY DECIMAL CLASSIFICATION NUMBER
Classification number 574
100 ## - MAIN ENTRY--PERSONAL NAME
Personal name Bhattacharyya, R.N. .,
Relator term Author.
245 #0 - TITLE STATEMENT
Title Modern Approach to Biology: Part II /
Statement of responsibility, etc. R.N.Bhattacharyya & I.K.Bhattacharyya.
Medium Textual Documents
250 ## - EDITION STATEMENT
Edition statement 4th ed. /
260 ## - PUBLICATION, DISTRIBUTION, ETC.
Place of publication, distribution, etc. New Delhi :
Name of publisher, distributor, etc. Kalyani Publisher ,
Date of publication, distribution, etc. 2006.
300 ## - PHYSICAL DESCRIPTION
Extent 665p. ;
Dimensions 22cm.
653 ## - INDEX TERM--UNCONTROLLED
Uncontrolled term Biology
653 ## - INDEX TERM--UNCONTROLLED
Uncontrolled term Modern Biology, Modern Approach to Biology, Biology part II, Biology by R N Bhattacharyya
653 ## - INDEX TERM--UNCONTROLLED
Uncontrolled term T/G-Biology
653 ## - INDEX TERM--UNCONTROLLED
Uncontrolled term T/G-Biology
653 ## - INDEX TERM--UNCONTROLLED
Uncontrolled term G-Biology
700 ## - ADDED ENTRY--PERSONAL NAME
Personal name Bhattacharyya, I.K. .
942 ## - ADDED ENTRY ELEMENTS (KOHA)
Source of classification or shelving scheme Dewey Decimal Classification
Koha item type Books
Holdings
Withdrawn status Lost status Damaged status Not for loan Collection Home library Current library Shelving location Date acquired Coded location qualifier Cost, normal purchase price Total checkouts Full call number Barcode Date last seen Date last checked out Copy number Price effective from Koha item type
          Dr. Suryya Kumar Bhuyan Library Dr. Suryya Kumar Bhuyan Library   01/02/2012 00000 225.00 1 574 Bh 469 Mo 3992/Gift 14/05/2025 25/04/2025 4 01/02/2012 Books
          Dr. Suryya Kumar Bhuyan Library Dr. Suryya Kumar Bhuyan Library   01/02/2012 00000 225.00   574 Bh 469 Mo 2097/Gift 14/01/2024   3 01/02/2012 Books
          Dr. Suryya Kumar Bhuyan Library Dr. Suryya Kumar Bhuyan Library   01/02/2012 00000     574 Bh 469 Mo 2111(Gift) 14/01/2024   2 01/02/2012 Books
          Dr. Suryya Kumar Bhuyan Library Dr. Suryya Kumar Bhuyan Library   01/02/2012 00000     574 Bh 469 Mo 2275/EL 14/01/2024   1 01/02/2012 Books

Designed and Maintained by Team SKBL
©1901-2026

Powered by Koha